Shigley’s Mechanical Engineering Design / (Record no. 11556)
[ view plain ]
| 000 -LEADER | |
|---|---|
| fixed length control field | 01162nam a22002537a 4500 |
| 008 - FIXED-LENGTH DATA ELEMENTS--GENERAL INFORMATION | |
| fixed length control field | 090519t xxu||||| |||| 00| 0 eng d |
| 020 ## - INTERNATIONAL STANDARD BOOK NUMBER | |
| International Standard Book Number | 9780071257633 (pbk.) |
| 020 ## - INTERNATIONAL STANDARD BOOK NUMBER | |
| International Standard Book Number | 0071257632 (pbk.) |
| 082 ## - DEWEY DECIMAL CLASSIFICATION NUMBER | |
| Edition number | 22 |
| Classification number | 621.815 |
| Item number | BUD |
| 100 ## - MAIN ENTRY--PERSONAL NAME | |
| Personal name | Budynas, Richard G. |
| 9 (RLIN) | 4840 |
| 245 ## - TITLE STATEMENT | |
| Title | Shigley’s Mechanical Engineering Design / |
| Statement of responsibility, etc | Richard G. Budynas, J. Keith Nisbett. |
| 246 ## - VARYING FORM OF TITLE | |
| Title proper/short title | Mechanical Engineering Design. |
| 250 ## - EDITION STATEMENT | |
| Edition statement | 8th ed. |
| Remainder of edition statement | in SI units ed. |
| 260 ## - PUBLICATION, DISTRIBUTION, ETC. (IMPRINT) | |
| Place of publication, distribution, etc | Singapore ; |
| -- | London : |
| Name of publisher, distributor, etc | McGraw-Hill, |
| Date of publication, distribution, etc | c2008. |
| 300 ## - PHYSICAL DESCRIPTION | |
| Extent | xxv, 1055 p. : |
| Other physical details | ill. ; |
| Dimensions | 26 cm. |
| 500 ## - GENERAL NOTE | |
| General note | Previous ed.: published as Mechanical engineering design by Joseph E. Shigley, Charles R. Mischke and Richard G. Budynas. 2004. |
| 500 ## - GENERAL NOTE | |
| General note | Ill. and text on inside covers. |
| 504 ## - BIBLIOGRAPHY, ETC. NOTE | |
| Bibliography, etc | Includes bibliographical references and index. |
| 650 ## - SUBJECT ADDED ENTRY--TOPICAL TERM | |
| Topical term or geographic name as entry element | Machine design. |
| 9 (RLIN) | 4841 |
| 700 ## - ADDED ENTRY--PERSONAL NAME | |
| Personal name | Nisbett, J. Keith. |
| 9 (RLIN) | 4842 |
| 700 ## - ADDED ENTRY--PERSONAL NAME | |
| Personal name | Shigley, Joseph Edward. |
| 9 (RLIN) | 4843 |
| 942 ## - ADDED ENTRY ELEMENTS (KOHA) | |
| Source of classification or shelving scheme | Dewey Decimal Classification |
| Item type | Book - Borrowing |
| Withdrawn status | Item status | Source of classification or shelving scheme | Damaged status | Not for loan | Vendor | Home library | Current library | Shelving location | Date acquired | Source of acquisition | Cost, normal purchase price | Serial Enumeration / chronology | Total Checkouts | Total Renewals | Full call number | Barcode | Date last seen | Date last borrowed | Koha item type |
|---|---|---|---|---|---|---|---|---|---|---|---|---|---|---|---|---|---|---|---|
| Dewey Decimal Classification | Alahram | Central Library | Central Library | First floor | 19/05/2009 | 278.50 | 353 | 7 | 44 | 621.815 BUD | 000016188 | 15/07/2025 | 22/10/2018 | Book - Borrowing |